[Event "TUR-chT 2nd League"]
[Site "Denizli"]
[Date "2023.07.11"]
[Round "4.22"]
[White "Yildiz, Talat"]
[Black "Burcu, Cagatay"]
[Result "1/2-1/2"]
[WhiteElo "1865"]
[BlackElo "2374"]
[PlyCount "64"]
[EventDate "2023.07.09"]
[EventType "team-swiss"]
[EventRounds "9"]
[EventCountry "TUR"]
[SourceTitle "CBM 215 Extra"]
[Source "ChessBase"]
[SourceDate "2023.09.30"]
[SourceVersion "1"]
[SourceVersionDate "2023.09.30"]
[SourceQuality "1"]
[WhiteTeam "Cesme Belediye"]
[BlackTeam "Canakkale Apaydin"]
[WhiteTeamCountry "TUR"]
[BlackTeamCountry "TUR"]

1. c4 c6 2. Nf3 Nf6 3. g3 d5 4. Bg2 Bf5 5. 0-0 e6 6. cxd5 exd5 7. d3 Bc5 8. Qc2 Bb6 9. Nc3 0-0 10. e4 Bg4 11. Ne5 Be6 12. Kh1 Na6 13. Bg5 h6 14. Bxf6 Qxf6 15. f4 Rad8 16. Na4 Bc7 17. Nf3 dxe4 18. dxe4 Nb4 19. Qc5 Nd3 20. Qxa7 Ra8 21. Qxb7 Rxa4 22. Qxc7 Qxb2 23. Qxc6 Rc4 24. Qa6 Nf2+ 25. Kg1 Nxe4 26. Rab1 Qc2 27. Qb6 Rc5 28. Rbe1 Bd5 29. Nd4 Qc4 30. Nf5 Nc3 31. Ne7+ Kh7 32. Kh1 Qxa2 1/2-1/2

[Event "TUR-chT 2nd League"]
[Site "Denizli"]
[Date "2023.07.10"]
[Round "3.32"]
[White "Burcu, Cagatay"]
[Black "Isilak, Enes"]
[Result "0-1"]
[WhiteElo "2374"]
[BlackElo "2168"]
[PlyCount "168"]
[EventDate "2023.07.09"]
[EventType "team-swiss"]
[EventRounds "9"]
[EventCountry "TUR"]
[SourceTitle "CBM 215 Extra"]
[Source "ChessBase"]
[SourceDate "2023.09.30"]
[SourceVersion "1"]
[SourceVersionDate "2023.09.30"]
[SourceQuality "1"]
[WhiteTeam "Canakkale Apaydin"]
[BlackTeam "Manisa Turkuaz"]
[WhiteTeamCountry "TUR"]
[BlackTeamCountry "TUR"]

1. d4 Nf6 2. Nf3 g6 3. Nc3 Bg7 4. e4 d6 5. Be2 0-0 6. 0-0 c6 7. a4 Nbd7 8. h3 e5 9. dxe5 dxe5 10. Be3 Qe7 11. Nd2 Nc5 12. b4 Ne6 13. Qb1 Nd4 14. Bd1 Rd8 15. Ne2 Nh5 16. c3 Nxe2+ 17. Bxe2 Nf4 18. Bxf4 exf4 19. Qc2 c5 20. b5 Be6 21. Rfd1 Qf6 22. Rac1 Rd7 23. Nf3 Rxd1+ 24. Bxd1 Rd8 25. Be2 h6 26. c4 Qb2 27. Qxb2 Bxb2 28. Rc2 Bg7 29. Rd2 Rxd2 30. Nxd2 Bc3 31. Nb3 b6 32. f3 Kg7 33. Bd3 Kf6 34. Kf2 g5 35. Ke2 Ke5 36. Kd1 h5 37. Kc2 Bb4 38. Kd1 g4 39. hxg4 hxg4 40. Ke2 Kf6 41. Kf2 Kg5 42. Nc1 Bd2 43. Nb3 Be3+ 44. Kf1 gxf3 45. gxf3 Bh3+ 46. Ke1 Kh4 47. Bf1 Be6 48. a5 Kg3 49. Be2 Bh3 50. Bf1 Bf2+ 51. Ke2 Be6 52. Kd3 Be3 53. a6 Bd7 54. Ke2 f6 55. Na1 Bd4 56. Nc2 Bc3 57. Kd3 Ba5 58. Be2 Be6 59. Na1 Bf7 60. Nb3 Bb4 61. Bd1 Bh5 62. e5 Bg6+ 63. Ke2 fxe5 64. Nc1 Bc3 65. Nd3 Bd4 66. Ne1 e4 67. Kf1 exf3 68. Nxf3 Bd3+ 69. Be2 Be4 70. Ng5 Bg2+ 71. Ke1 f3 72. Ne4+ Kf4 73. Bd3 Ke3 74. Bb1 f2+ 75. Nxf2 Bc3+ 76. Kd1 Kxf2 77. Bf5 Ke3 78. Kc2 Bb4 79. Kb3 Kd4 80. Be6 Bf3 81. Bf7 Bd1+ 82. Kb2 Bc3+ 83. Ka3 Kd3 84. Be6 Bd4 0-1

[Event "EU-ch 23rd"]
[Site "Vrnjacka Banja"]
[Date "2023.03.08"]
[Round "6"]
[White "Burcu, Cagatay"]
[Black "Bosiocic, Marin"]
[Result "1/2-1/2"]
[WhiteElo "2331"]
[BlackElo "2555"]
[PlyCount "104"]
[EventDate "2023.03.03"]
[EventType "swiss"]
[EventRounds "11"]
[EventCountry "SRB"]
[SourceTitle "CBM 213"]
[Source "ChessBase"]
[SourceDate "2023.04.30"]
[SourceVersion "1"]
[SourceVersionDate "2023.04.30"]
[SourceQuality "1"]

1. d4 Nf6 2. Nf3 e6 3. Bf4 c5 4. c3 d5 5. e3 Nc6 6. Nbd2 Nh5 7. Bg5 f6 8. Bh4 g6 9. Be2 cxd4 10. cxd4 Ng7 11. Bg3 Nf5 12. 0-0 Be7 13. Rc1 0-0 14. Ne1 Kg7 15. Bg4 Nxg3 16. hxg3 Bd6 17. Nd3 Qe7 18. Qb3 Rb8 19. a3 h5 20. Be2 Bd7 21. Qa2 Be8 22. b4 Bf7 23. b5 Na5 24. e4 b6 25. exd5 exd5 26. Bf3 Rbd8 27. Rfe1 Qd7 28. Qb2 Bb8 29. a4 Rh8 30. Nb4 h4 31. g4 Rc8 32. Nf1 Bf4 33. Rxc8 Rxc8 34. Nd3 Bb8 35. Nb4 Bf4 36. Nd3 Bg5 37. Qa3 Rc7 38. Bd1 Nc4 39. Qb4 Qd6 40. Bb3 Bf4 41. Re2 g5 42. Qe1 Qa3 43. Nxf4 gxf4 44. Bxc4 dxc4 45. g5 Qd6 46. gxf6+ Qxf6 47. Qc3 f3 48. Re5 fxg2 49. Ne3 Kh7 50. d5 Bg6 51. Ng4 Qf4 52. d6 Rf7 1/2-1/2

[Event "EU-ch 23rd"]
[Site "Vrnjacka Banja"]
[Date "2023.03.03"]
[Round "1"]
[White "Santos Latasa, Jaime"]
[Black "Burcu, Cagatay"]
[Result "1-0"]
[WhiteElo "2655"]
[BlackElo "2331"]
[PlyCount "71"]
[EventDate "2023.03.03"]
[EventType "swiss"]
[EventRounds "11"]
[EventCountry "SRB"]
[SourceTitle "CBM 213"]
[Source "ChessBase"]
[SourceDate "2023.04.30"]
[SourceVersion "1"]
[SourceVersionDate "2023.04.30"]
[SourceQuality "1"]

1. e4 c6 2. d4 d5 3. e5 c5 4. dxc5 e6 5. Nf3 Bxc5 6. a3 Ne7 7. b4 Bb6 8. Bb2 Nbc6 9. Bd3 Ng6 10. b5 Nb8 11. h4 Nd7 12. h5 Ne7 13. a4 Nc5 14. Qd2 Ba5 15. Bc3 Nxd3+ 16. cxd3 Bxc3 17. Nxc3 Bd7 18. h6 g6 19. Qf4 Ng8 20. 0-0 f5 21. Rac1 Ne7 22. Ne2 0-0 23. Qb4 Re8 24. Ned4 a6 25. Rc2 axb5 26. axb5 Rc8 27. Rfc1 Rxc2 28. Rxc2 Nc8 29. Qc5 g5 30. Qc7 g4 31. Qxd8 Rxd8 32. Ng5 Re8 33. Rc7 Re7 34. Rxb7 Kf8 35. b6 Ke8 36. Rb8 1-0

[Event "Titled Tuesday intern op 01st Nov Late"]
[Site "Chess.com INT"]
[Date "2022.11.01"]
[Round "4"]
[White "Hemam, Moulaye Brahim"]
[Black "Burcu, Cagatay"]
[Result "0-1"]
[WhiteElo "2043"]
[BlackElo "2331"]
[PlyCount "60"]
[EventDate "2022.11.01"]
[EventType "swiss (blitz)"]
[EventRounds "11"]
[EventCountry "USA"]
[SourceTitle "EXT 2024"]
[Source "ChessBase"]
[SourceDate "2023.10.10"]
[SourceVersion "1"]
[SourceVersionDate "2023.10.10"]
[SourceQuality "1"]

1. e4 c6 2. d4 d5 3. Nc3 dxe4 4. Nxe4 Bf5 5. Ng3 Bg6 6. h4 h6 7. Nf3 Nd7 8. h5 Bh7 9. Bd3 Bxd3 10. Qxd3 e6 11. Bd2 Ngf6 12. 0-0-0 Be7 13. Ne4 Qc7 14. g3 Nxe4 15. Qxe4 Nf6 16. Qe2 0-0 17. Kb1 Rac8 18. Ne5 c5 19. Bf4 Qb6 20. dxc5 Bxc5 21. f3 Nd5 22. Bd2 Ba3 23. b3 Qd4 24. Nd3 Rc3 25. Bc1 Rxb3+ 26. cxb3 Nc3+ 27. Kc2 Nxe2 28. Bxa3 Rc8+ 29. Kd2 Nxg3 30. Rhg1 Rc3 0-1

[Event "Novi Sad TS Mix 225th"]
[Site "Novi Sad"]
[Date "2021.11.24"]
[Round "4"]
[White "Yermolinsky, Alex"]
[Black "Burcu, Cagatay"]
[Result "0-1"]
[WhiteElo "2490"]
[BlackElo "2309"]
[PlyCount "88"]
[EventDate "2021.11.22"]
[EventType "swiss"]
[EventRounds "9"]
[EventCountry "SRB"]
[SourceTitle "CBM 205 Extra"]
[Source "ChessBase"]
[SourceDate "2022.01.31"]
[SourceVersion "1"]
[SourceVersionDate "2022.01.31"]
[SourceQuality "1"]

1. d4 d5 2. c4 c6 3. Nf3 Nf6 4. e3 Bf5 5. Nc3 e6 6. Nh4 Be4 7. f3 Bg6 8. Qb3 Qc7 9. Bd2 Be7 10. cxd5 cxd5 11. 0-0-0 Nc6 12. Nxg6 hxg6 13. Kb1 a6 14. Rc1 0-0 15. Ne2 Rfc8 16. Nf4 b5 17. Be2 Qd8 18. Rc2 Na5 19. Bxa5 Qxa5 20. Rhc1 Rc4 21. a3 g5 22. Nd3 Rac8 23. Ne5 Bd6 24. Bxc4 bxc4 25. Qc3 Qa4 26. Nd3 Nd7 27. b3 Rb8 28. Rb2 cxb3 29. Qc6 Qxc6 30. Rxc6 Bxa3 31. Re2 Nb6 32. Nc5 Bxc5 33. dxc5 Na4 34. Re1 a5 35. Rc1 b2 36. Rc2 Rb3 37. Ra6 Rxe3 38. Rxb2 Nxb2 39. Kxb2 d4 40. Rxa5 Rc3 41. c6 f6 42. Ra8+ Kh7 43. Rc8 Kg6 44. c7 e5 0-1

[Event "Titled Tuesday intern op 02nd Feb"]
[Site "Chess.com INT"]
[Date "2021.02.02"]
[Round "3"]
[White "Burcu, Cagatay"]
[Black "Sailer, Mike L"]
[Result "1-0"]
[WhiteElo "2309"]
[BlackElo "2109"]
[PlyCount "47"]
[EventDate "2021.02.02"]
[EventType "swiss (blitz)"]
[EventRounds "11"]
[EventCountry "USA"]
[SourceTitle "CBM 200 Extra"]
[Source "ChessBase"]
[SourceDate "2021.03.31"]
[SourceVersion "1"]
[SourceVersionDate "2021.03.31"]
[SourceQuality "1"]

1. e4 d5 2. exd5 Qxd5 3. Nc3 Qd6 4. d4 Nf6 5. Nf3 c6 6. g3 Bf5 7. Bg2 e6 8. 0-0 Be7 9. Ne5 h6 10. Bf4 Qd8 11. Re1 0-0 12. Qd2 Nbd7 13. Rad1 Nxe5 14. Bxe5 Bd6 15. Qf4 Bxe5 16. dxe5 Nd5 17. Bxd5 cxd5 18. Nxd5 exd5 19. Qxf5 Qa5 20. a3 Rfe8 21. e6 fxe6 22. Rxe6 Red8 23. Re7 Qb5 24. Qf7+ 1-0

[Event "Titled Tuesday intern op 02nd Feb"]
[Site "Chess.com INT"]
[Date "2021.02.02"]
[Round "7"]
[White "Burcu, Cagatay"]
[Black "Shahade, Gregory P"]
[Result "1/2-1/2"]
[WhiteElo "2309"]
[BlackElo "2476"]
[PlyCount "113"]
[EventDate "2021.02.02"]
[EventType "swiss (blitz)"]
[EventRounds "11"]
[EventCountry "USA"]
[SourceTitle "CBM 200 Extra"]
[Source "ChessBase"]
[SourceDate "2021.03.31"]
[SourceVersion "1"]
[SourceVersionDate "2021.03.31"]
[SourceQuality "1"]

1. d4 Nf6 2. Bf4 g6 3. Nc3 d5 4. e3 Bg7 5. Be2 c6 6. h4 h5 7. Nf3 Nbd7 8. Qd2 a5 9. Ne5 Nxe5 10. Bxe5 Kf8 11. 0-0-0 b5 12. f3 Nd7 13. Bxg7+ Kxg7 14. Bd3 Nb6 15. e4 b4 16. Ne2 dxe4 17. Bxe4 Nd5 18. Kb1 Qd6 19. g4 Be6 20. Rdg1 hxg4 21. h5 f5 22. Qg5 Rh6 23. Bxd5 Bxd5 24. Nf4 Bxf3 25. Nxg6 Qf6 26. Qf4 Bxh1 27. Rxh1 Qxg6 28. b3 Rxh5 29. Re1 Qf6 30. Qc7 Re8 31. d5 Kf8 32. dxc6 Rh6 33. Qd7 Rh5 34. c7 Qc3 35. Rd1 Rh2 36. Qxf5+ Qf6 37. c8Q Rxc8 38. Qxc8+ Kf7 39. Qc4+ Kg7 40. Qxg4+ Qg6 41. Qd4+ Kh7 42. Qc5 Rh5 43. Qxe7+ Qg7 44. Qe4+ Qg6 45. Rd7+ Kh6 46. Qe3+ Rg5 47. Rd5 Kh5 48. Qxg5+ Qxg5 49. Rxg5+ Kxg5 50. c3 Kf4 51. c4 Ke4 52. Kc2 Kd4 53. Kd2 Ke4 54. Ke2 Kd4 55. Kd2 Ke4 56. Ke1 Kd4 57. Kd2 1/2-1/2

[Event "Titled Tuesday intern op 02nd Feb"]
[Site "Chess.com INT"]
[Date "2021.02.02"]
[Round "10"]
[White "Mickiewicz, Piotr"]
[Black "Burcu, Cagatay"]
[Result "0-1"]
[WhiteElo "2233"]
[BlackElo "2309"]
[PlyCount "90"]
[EventDate "2021.02.02"]
[EventType "swiss (blitz)"]
[EventRounds "11"]
[EventCountry "USA"]
[SourceTitle "CBM 200 Extra"]
[Source "ChessBase"]
[SourceDate "2021.03.31"]
[SourceVersion "1"]
[SourceVersionDate "2021.03.31"]
[SourceQuality "1"]

1. e4 c5 2. Nf3 g6 3. d4 cxd4 4. Nxd4 Bg7 5. Nc3 Nc6 6. Be3 Nf6 7. Bc4 0-0 8. Bb3 Re8 9. 0-0 d6 10. h3 Bd7 11. f4 Rc8 12. Nf3 Rf8 13. g4 Na5 14. e5 Ne8 15. Bxa7 b6 16. Nd5 Rc6 17. Nd4 dxe5 18. Nxc6 Bxc6 19. Bxb6 Qa8 20. Bxa5 Qxa5 21. Nxe7+ Kh8 22. Nxc6 Qc5+ 23. Rf2 Qxc6 24. Qd5 Qb6 25. fxe5 Nc7 26. Qd6 Qa7 27. Kg2 Nb5 28. Qd5 Nd4 29. Rd1 Ne6 30. Rdd2 Qe3 31. Rde2 Nf4+ 32. Rxf4 Qxf4 33. Rf2 Qxe5 34. Qxe5 Bxe5 35. c3 f5 36. gxf5 gxf5 37. Kf3 Kg7 38. Rd2 Kf6 39. Rd7 Rb8 40. Rf7+ Kg6 41. Ra7 Rd8 42. Ke2 Bf4 43. Kf3 Bg5 44. h4 Rd3+ 45. Kf2 Bxh4+ 0-1

[Event "Istanbul Redbull Masters"]
[Site "Istanbul"]
[Date "2019.11.24"]
[Round "7.10"]
[White "Olcum, Ahmet"]
[Black "Burcu, Cagatay"]
[Result "0-1"]
[WhiteElo "2303"]
[BlackElo "2331"]
[PlyCount "68"]
[EventDate "2019.11.23"]
[EventType "k.o."]
[EventRounds "8"]
[EventCountry "TUR"]
[SourceTitle "CBM 193 Extra"]
[Source "ChessBase"]
[SourceDate "2020.01.31"]
[SourceVersion "1"]
[SourceVersionDate "2020.01.31"]
[SourceQuality "1"]

1. e4 e6 2. d3 d5 3. Nd2 Nf6 4. Ngf3 c5 5. g3 Nc6 6. Bg2 Be7 7. 0-0 0-0 8. Re1 Qc7 9. e5 Nd7 10. Qe2 b5 11. Nf1 Bb7 12. h4 Rfc8 13. c3 a5 14. Bf4 b4 15. Ne3 Qd8 16. c4 Nd4 17. Nxd4 cxd4 18. Ng4 Nc5 19. cxd5 Bxd5 20. Bxd5 Qxd5 21. h5 h6 22. Rac1 b3 23. a3 Na4 24. Bxh6 Nxb2 25. Qxb2 gxh6 26. Nxh6+ Kg7 27. Ng4 Bg5 28. f4 Qf3 29. fxg5 Qxg4 30. h6+ Kg6 31. Kg2 Qxg5 32. Rf1 Qxe5 33. Rce1 Qd5+ 34. Kh3 Rc2 0-1

[Event "Konyaalti op"]
[Site "Konyaalti"]
[Date "2019.11.18"]
[Round "2"]
[White "Gokerkan, Cem Kaan"]
[Black "Burcu, Cagatay"]
[Result "1-0"]
[WhiteElo "2452"]
[BlackElo "2331"]
[PlyCount "203"]
[EventDate "2019.11.17"]
[EventType "swiss"]
[EventRounds "9"]
[EventCountry "TUR"]
[SourceTitle "CBM 193 Extra"]
[Source "ChessBase"]
[SourceDate "2020.01.31"]
[SourceVersion "1"]
[SourceVersionDate "2020.01.31"]
[SourceQuality "1"]

1. e4 e6 2. d4 d5 3. Nc3 Nf6 4. e5 Nfd7 5. Qg4 c5 6. Nb5 cxd4 7. Nf3 Nc6 8. Bf4 a6 9. Nbxd4 Nxd4 10. Nxd4 h5 11. Qg3 Nc5 12. Bd3 Nxd3+ 13. cxd3 Bb4+ 14. Ke2 Kf8 15. Rhc1 Be7 16. Rc2 Bd7 17. Rac1 Rc8 18. Rxc8 Bxc8 19. h4 Bd7 20. Bg5 f6 21. Bf4 Qb6 22. Be3 Kf7 23. Nb3 Qd8 24. Bc5 Bc6 25. Qf4 Bxc5 26. Rxc5 Qb8 27. d4 Bb5+ 28. Ke3 b6 29. Rc1 Re8 30. Qf3 Kg6 31. Rc3 Rc8 32. Kd2 Rxc3 33. Qxc3 fxe5 34. Qg3+ Kf7 35. Qxe5 Qh8 36. Qc7+ Kf6 37. Qxb6 Qh6+ 38. Kc3 Qf4 39. Qd8+ Kf7 40. f3 Qe3+ 41. Kb4 Bf1 42. Qd7+ Kf6 43. Qd8+ Kf7 44. Qc7+ Kf6 45. Qg3 Bc4 46. Kc5 Bxb3 47. axb3 Qxb3 48. Qg5+ Kf7 49. Qxh5+ Kf8 50. Kd6 Qxb2 51. Kxe6 Qb6+ 52. Ke5 Qc7+ 53. Kf5 Qc2+ 54. Kf4 Qc7+ 55. Qe5 Qd8 56. Qf5+ Kg8 57. Qe6+ Kf8 58. Qxa6 Qxh4+ 59. g4 Qh2+ 60. Kf5 Qh7+ 61. Ke5 Qh3 62. Qc8+ Ke7 63. Qc7+ Ke8 64. Qc8+ Ke7 65. Qe6+ Kf8 66. Qf5+ Kg8 67. Kxd5 Qf1 68. Qe6+ Kh8 69. Qe8+ Kh7 70. Qe4+ Kh8 71. Ke5 Qb5+ 72. Kf4 Qc4 73. Qe8+ Kh7 74. Qh5+ Kg8 75. Qc5 Qa6 76. Qd5+ Kh8 77. Qh5+ Kg8 78. Qe8+ Kh7 79. Qe4+ Kh8 80. d5 Qf6+ 81. Kg3 Qa1 82. Qe8+ Kh7 83. Qe3 Qd1 84. Qe4+ Kh8 85. Qe8+ Kh7 86. Qe4+ Kh8 87. Kf4 Qd2+ 88. Kf5 Qh6 89. Qe8+ Kh7 90. Ke4 Qd2 91. Qh5+ Kg8 92. Qe8+ Kh7 93. Qh5+ Kg8 94. Qe5 Qe2+ 95. Kf4 Qh2+ 96. Kf5 Qc2+ 97. Qe4 Qc3 98. g5 Kf8 99. Kg6 Qc7 100. Qf5+ Ke8 101. Kh7 Qg3 102. Kg8 1-0

[Event "TUR-chT 1st League"]
[Site "Konya"]
[Date "2019.07.27"]
[Round "8.2"]
[White "Burcu, Cagatay"]
[Black "Ataman, Alper Efe"]
[Result "1/2-1/2"]
[WhiteElo "2359"]
[BlackElo "2190"]
[PlyCount "114"]
[EventDate "2019.07.22"]
[EventType "team-swiss"]
[EventRounds "9"]
[EventCountry "TUR"]
[SourceTitle "CBM 191 Extra"]
[Source "ChessBase"]
[SourceDate "2019.09.30"]
[SourceVersion "1"]
[SourceVersionDate "2019.09.30"]
[SourceQuality "1"]
[WhiteTeam "Gokyay Vakfi"]
[BlackTeam "Bulancak Ihsaniye Genclik"]
[WhiteTeamCountry "TUR"]
[BlackTeamCountry "TUR"]

1. d4 Nf6 2. Bf4 d5 3. Nf3 c5 4. e3 Nc6 5. Nbd2 g6 6. dxc5 Bg7 7. c3 0-0 8. Be2 Re8 9. Ne5 Nd7 10. Nxd7 Qxd7 11. 0-0 e5 12. Bg3 Qe7 13. b4 Be6 14. Nb3 Rad8 15. b5 Nb8 16. Qc1 f5 17. Rd1 Rf8 18. f4 Bf7 19. Bf1 g5 20. fxe5 Bxe5 21. Bxe5 Qxe5 22. Qd2 Rfe8 23. Re1 Rc8 24. Qd4 Nd7 25. Bd3 Nf6 26. Bxf5 Qxf5 27. Rf1 Qe5 28. Qxe5 Rxe5 29. Rxf6 Rxe3 30. Rf3 Re5 31. Raf1 Bg6 32. h3 Kg7 33. R1f2 Re1+ 34. Rf1 Re5 35. a4 h5 36. Rf6 g4 37. hxg4 hxg4 38. Nd4 Rxc5 39. Ne6+ Rxe6 40. Rxe6 Rxc3 41. Rff6 Be4 42. Rf4 g3 43. Kf1 Re3 44. Rfxe4 Rxe4 45. Rd6 Rxa4 46. Rxd5 Rb4 47. Rd7+ Kf6 48. Rxb7 Rb2 49. Rxa7 Rxb5 50. Ra3 Rf5+ 51. Ke1 Rg5 52. Ke2 Kg6 53. Kf3 Rb5 54. Kxg3 Rb4 55. Ra5 Rc4 56. Kh3 Rb4 57. g4 Rb1 1/2-1/2

[Event "TUR-chT 1st League"]
[Site "Konya"]
[Date "2019.07.23"]
[Round "2.2"]
[White "Cakan, Cem"]
[Black "Burcu, Cagatay"]
[Result "0-1"]
[WhiteElo "1932"]
[BlackElo "2359"]
[PlyCount "84"]
[EventDate "2019.07.22"]
[EventType "team-swiss"]
[EventRounds "9"]
[EventCountry "TUR"]
[SourceTitle "CBM 191 Extra"]
[Source "ChessBase"]
[SourceDate "2019.09.30"]
[SourceVersion "1"]
[SourceVersionDate "2019.09.30"]
[SourceQuality "1"]
[WhiteTeam "Pamukkale Universiteli"]
[BlackTeam "Gokyay Vakfi"]
[WhiteTeamCountry "TUR"]
[BlackTeamCountry "TUR"]

1. d4 d5 2. c4 c6 3. cxd5 cxd5 4. Nc3 Nf6 5. Bf4 Nc6 6. e3 Bf5 7. Qb3 Na5 8. Qa4+ Bd7 9. Qd1 e6 10. Bd3 Be7 11. Nf3 Rc8 12. Ne5 Nc4 13. Qe2 Nd6 14. 0-0 0-0 15. Rac1 Be8 16. Bg5 Nfe4 17. Bxe7 Qxe7 18. Nb5 f6 19. Nxd6 Rxc1 20. Rxc1 Nxd6 21. Nf3 Bh5 22. h3 e5 23. e4 Bxf3 24. Qxf3 f5 25. exd5 e4 26. Qe2 Qg5 27. Rd1 exd3 28. Qe6+ Nf7 29. Rxd3 Qc1+ 30. Kh2 Qf4+ 31. Kg1 Qe4 32. Rb3 Qxe6 33. dxe6 Nd6 34. Ra3 a6 35. Rb3 Rc8 36. g4 f4 37. g5 Rc4 38. d5 Kf8 39. Kg2 Rd4 40. Kf3 Rxd5 41. Kxf4 Ke7 42. Re3 Rf5+ 0-1

[Event "Stari Banovci Vidovdan op"]
[Site "Stari Banovci"]
[Date "2019.07.03"]
[Round "8"]
[White "Burcu, Cagatay"]
[Black "Lorparizangeneh, Shahin"]
[Result "1/2-1/2"]
[WhiteElo "2359"]
[BlackElo "2494"]
[PlyCount "26"]
[EventDate "2019.06.27"]
[EventType "swiss"]
[EventRounds "9"]
[EventCountry "SRB"]
[SourceTitle "EXT 2020"]
[Source "ChessBase"]
[SourceDate "2019.10.17"]
[SourceVersion "1"]
[SourceVersionDate "2019.10.17"]
[SourceQuality "1"]

1. d4 Nf6 2. Bf4 c5 3. e3 g6 4. c3 Qb6 5. Na3 d6 6. Nc4 Qc6 7. a4 a6 8. a5 Nbd7 9. Be2 Bg7 10. Bf3 Qb5 11. Be2 Qc6 12. Bf3 Qb5 13. Be2 Qc6 1/2-1/2

[Event "Karlsruhe Grenke op"]
[Site "Karlsruhe"]
[Date "2019.04.21"]
[Round "6"]
[White "Burcu, Cagatay"]
[Black "Vrolijk, Liam"]
[Result "1/2-1/2"]
[WhiteElo "2329"]
[BlackElo "2465"]
[PlyCount "55"]
[EventDate "2019.04.18"]
[EventType "swiss"]
[EventRounds "9"]
[EventCountry "GER"]
[SourceTitle "CBM 189 Extra"]
[Source "ChessBase"]
[SourceDate "2019.06.03"]
[SourceVersion "1"]
[SourceVersionDate "2019.06.03"]
[SourceQuality "1"]

1. d4 Nf6 2. Bf4 d5 3. Nf3 c5 4. e3 e6 5. c3 Nc6 6. Nbd2 Be7 7. h3 Bd6 8. dxc5 Bxc5 9. Bd3 Qe7 10. e4 e5 11. Bg5 d4 12. cxd4 Bxd4 13. 0-0 0-0 14. Bb5 Bxb2 15. Rb1 Bc3 16. Bxc6 bxc6 17. Qc2 Bxd2 18. Bxd2 Ba6 19. Bb4 c5 20. Bxc5 Rfc8 21. Bxe7 Rxc2 22. Rfc1 Rxa2 23. Rc7 Ne8 24. Rd7 f6 25. Bc5 Ra4 26. Nd2 Rc8 27. Bxa7 Bd3 28. Rxd3 1/2-1/2

[Event "Lvov Vasylyshyn Memorial 15th"]
[Site "Lvov"]
[Date "2018.11.27"]
[Round "8"]
[White "Burcu, Cagatay"]
[Black "Pacher, Milan"]
[Result "1/2-1/2"]
[WhiteElo "2333"]
[BlackElo "2453"]
[PlyCount "66"]
[EventDate "2018.11.20"]
[EventType "tourn"]
[EventRounds "9"]
[EventCountry "UKR"]
[EventCategory "6"]
[SourceTitle "CBM 187 Extra"]
[Source "ChessBase"]
[SourceDate "2018.11.04"]
[SourceVersion "1"]
[SourceVersionDate "2018.11.04"]
[SourceQuality "1"]

1. d4 f5 2. Bf4 Nf6 3. e3 b6 4. Be2 Bb7 5. Bf3 d5 6. c4 e6 7. Nc3 Bd6 8. Nge2 0-0 9. 0-0 c6 10. Qb3 Kh8 11. cxd5 exd5 12. Qc2 Ne4 13. Bxe4 fxe4 14. f3 Bxf4 15. Nxf4 Re8 16. fxe4 dxe4 17. Nxe4 c5 18. d5 Na6 19. Ne6 Rxe6 20. dxe6 Nb4 21. Rad1 Qe7 22. Qb1 Qxe6 23. Ng3 Qxe3+ 24. Kh1 Ba6 25. Rf3 Qe6 26. a3 Nc6 27. Re1 Qg8 28. Nf5 Nd4 29. Nxd4 cxd4 30. Qe4 d3 31. Ref1 Rc8 32. Rxd3 Bxd3 33. Qxd3 h6 1/2-1/2

[Event "Lvov Vasylyshyn Memorial 15th"]
[Site "Lvov"]
[Date "2018.11.26"]
[Round "7"]
[White "Sivuk, Vitaly"]
[Black "Burcu, Cagatay"]
[Result "1-0"]
[WhiteElo "2551"]
[BlackElo "2333"]
[PlyCount "81"]
[EventDate "2018.11.20"]
[EventType "tourn"]
[EventRounds "9"]
[EventCountry "UKR"]
[EventCategory "6"]
[SourceTitle "CBM 187 Extra"]
[Source "ChessBase"]
[SourceDate "2018.11.04"]
[SourceVersion "1"]
[SourceVersionDate "2018.11.04"]
[SourceQuality "1"]

1. c4 c6 2. Nf3 Nf6 3. g3 d5 4. Bg2 Bf5 5. 0-0 e6 6. cxd5 exd5 7. d3 Be7 8. Qb3 Qb6 9. Qc2 Na6 10. a3 Nc5 11. Be3 Qb3 12. Qc1 Ne6 13. Nc3 c5 14. Nd2 Qb6 15. Nxd5 Nxd5 16. Bxd5 0-0 17. b4 Nd4 18. Bxd4 cxd4 19. Nc4 Qb5 20. Bf3 Be6 21. Qb2 a5 22. Rab1 axb4 23. Qxd4 Bf6 24. Qe4 b3 25. Qxb7 Bxc4 26. Qxb5 Bxb5 27. Bxa8 b2 28. Bd5 Ba4 29. e3 Bc3 30. d4 Rd8 31. Be4 g6 32. Bd3 Ra8 33. f3 Bc6 34. Be4 Bxe4 35. fxe4 Rxa3 36. Rfd1 Ra1 37. Kf2 Kf8 38. Ke2 Ra3 39. e5 h5 40. Kd3 Be1+ 41. Kc2 1-0

[Event "Lvov Vasylyshyn Memorial 15th"]
[Site "Lvov"]
[Date "2018.11.21"]
[Round "2"]
[White "Jablonicky, Martin"]
[Black "Burcu, Cagatay"]
[Result "0-1"]
[WhiteElo "2330"]
[BlackElo "2333"]
[PlyCount "128"]
[EventDate "2018.11.20"]
[EventType "tourn"]
[EventRounds "9"]
[EventCountry "UKR"]
[EventCategory "6"]
[SourceTitle "CBM 187 Extra"]
[Source "ChessBase"]
[SourceDate "2018.11.04"]
[SourceVersion "1"]
[SourceVersionDate "2018.11.04"]
[SourceQuality "1"]

1. d4 d5 2. Nf3 Nf6 3. c4 c6 4. Nc3 e6 5. e3 Nbd7 6. Qc2 Bd6 7. b3 0-0 8. Be2 e5 9. cxd5 cxd5 10. Nb5 Bb4+ 11. Bd2 Bxd2+ 12. Nxd2 e4 13. a4 Ne8 14. Rc1 Qg5 15. g3 a6 16. Nc7 Nxc7 17. Qxc7 Nf6 18. Qf4 Qxf4 19. gxf4 Bh3 20. Nb1 Rfc8 21. Kd2 Kf8 22. Nc3 Ke7 23. a5 Bd7 24. h4 Kd6 25. h5 Rc7 26. Rhg1 g6 27. hxg6 fxg6 28. f3 Rac8 29. fxe4 Rxc3 30. e5+ Ke6 31. exf6 Rxc1 32. Rxc1 Rxc1 33. Kxc1 Kxf6 34. Bf3 Ke6 35. Kd2 Kd6 36. Ke1 Bf5 37. Be2 Kc6 38. Kf2 Bc2 39. b4 Bb3 40. f5 gxf5 41. Bd3 h6 42. Kg3 Bc4 43. Bxf5 Kb5 44. e4 dxe4 45. Bxe4 Kxb4 46. Bxb7 Kxa5 47. Kh4 Be2 48. Bc8 Kb6 49. Kg3 a5 50. Kf2 Bc4 51. Ke3 a4 52. Kd2 a3 53. Kc3 a2 54. Kb2 h5 55. Bf5 Bd5 56. Bh3 h4 57. Bg4 Kb5 58. Be2+ Ka4 59. Bf1 Ka5 60. Bh3 Kb6 61. Ka1 Kc7 62. Kb2 Kd8 63. Bg4 Ke7 64. Bh3 Kf6 0-1

[Event "TUR-chT 2nd League"]
[Site "Konya"]
[Date "2018.07.17"]
[Round "2.3"]
[White "Taban, Yagiz"]
[Black "Burcu, Cagatay"]
[Result "0-1"]
[WhiteElo "1618"]
[BlackElo "2331"]
[PlyCount "50"]
[EventDate "2018.07.16"]
[EventType "team-swiss"]
[EventRounds "9"]
[EventCountry "TUR"]
[SourceTitle "EXT 2019"]
[Source "ChessBase"]
[SourceDate "2018.10.10"]
[SourceVersion "1"]
[SourceVersionDate "2018.10.10"]
[SourceQuality "1"]
[WhiteTeam "Altin Hamle Corum"]
[BlackTeam "Olbia VE Spor"]
[WhiteTeamCountry "TUR"]
[BlackTeamCountry "TUR"]

1. e4 e6 2. d3 c5 3. Nf3 Nc6 4. g3 g6 5. Bg2 Bg7 6. Nbd2 Nge7 7. 0-0 0-0 8. a4 d6 9. c3 b6 10. Re1 e5 11. Nc4 h6 12. Nh4 Be6 13. Ne3 d5 14. f4 exf4 15. gxf4 dxe4 16. dxe4 Qxd1 17. Rxd1 Bf6 18. Nxg6 Nxg6 19. f5 Nge5 20. fxe6 fxe6 21. Bh3 Kf7 22. Ng2 Ke7 23. Bf4 Bg5 24. Bxg5+ hxg5 25. Rf1 g4 0-1